| Tag |
First Indicator |
Second Indicator |
Subfields |
| LEADER |
00000cam a2200000 a 4500 |
| 001 |
in00000502575 |
| 005 |
20151013064813.0 |
| 008 |
811020s1982 ohua b 00110 eng |
| 010 |
|
|
|a 81018355
|
| 020 |
|
|
|z 0673155041 (pbk.)
|
| 035 |
|
|
|a (OCoLC)08386511
|
| 035 |
|
|
|9 ACD7539AM
|
| 039 |
0 |
|
|a 2
|b 3
|c 3
|d 3
|e 3
|
| 040 |
|
|
|a DLC
|c DLC
|d TXA
|d UtOrBLW
|
| 049 |
|
|
|a TXAM
|c 1 [1676144], 2 [804769], 3 [804770]
|
| 050 |
0 |
0 |
|a PN1009.A1
|b L84 1982
|
| 100 |
1 |
|
|a Lukens, Rebecca J.,
|d 1922-
|
| 245 |
1 |
2 |
|a A critical handbook of children's literature /
|c Rebecca J. Lukens.
|
| 250 |
|
|
|a 2nd ed.
|
| 264 |
|
1 |
|a Oxford, Ohio :
|b Miami University ;
|a Glenview, Ill. :
|b Scott, Foresman,
|c [1982]
|
| 264 |
|
4 |
|c ©1982
|
| 300 |
|
|
|a viii, 264 pages :
|b illustrations ;
|c 23 cm.
|
| 336 |
|
|
|a text
|b txt
|2 rdacontent
|
| 337 |
|
|
|a unmediated
|b n
|2 rdamedia
|
| 338 |
|
|
|a volume
|b nc
|2 rdacarrier
|
| 504 |
|
|
|a Includes bibliographies and index.
|
| 650 |
|
0 |
|a Children's literature
|x History and criticism.
|
| 999 |
|
|
|a MARS
|
| 999 |
f |
f |
|s 1b501d51-e859-32c1-b99f-6532a2ce623d
|i 7565401a-0bff-3150-a2b5-7bca70647c58
|t 0
|
| 952 |
f |
f |
|p ric
|a Texas A&M University
|b Rellis Campus
|c Joint Library Facility
|s JLF
|d Remote Storage
|t 0
|e PN1009.A1 L84 1982
|h Library of Congress classification
|i unmediated -- volume
|m A14807778033
|
| 998 |
f |
f |
|a PN1009.A1 L84 1982
|t 0
|l Remote Storage
|